000 00475nam a2200145 a 4500
001 000033241
005 20200930070123.0
008 110823s1960 dr c 000 0 spa d
040 _aDO-SdBNP
_bspa
_cBNPHU
082 _axxx
_bC794s
100 1 _aCordero, Armando
_936629
245 1 0 _aSignificación de la nueva realidad dominicana /
_cArmando Cordero.
260 _aCiudad Trujillo, República Dominicana :
_bImpresora Dominicana,
_c1960.
300 _a18 p. :
_bretr., ;
_c24 cm.
999 _c32732
_d32732